000 00624nam a2200181Ia 4500
008 100920s9999 xx 000 0 und d
082 _b76398
_a200 0
100 _aबेलसरे के. वि.
245 _aपरमार्थ-प्रदीप.
260 _bबुकसेलर्स पब्लिशिंग कंपनी, मुंबई.
_c0
300 _a120
_bसाधी
365 _b1
520 _aधार्मिक.
630 _aपरमार्थ-प्रदीप.
650 _aधार्मिक.
730 _aपरमार्थ-प्रदीप.
942 _cBOOK
999 _c717809
_d717806